Fr. Conceicao Rodrigues College of Engineering

C++:Begineers Guide (Record no. 18245)

MARC details
000 -LEADER
fixed length control field 00341nam a2200169Ia 4500
082 ## - DEWEY DECIMAL CLASSIFICATION NUMBER
Classification number 5.133
Item number SCH
100 ## - MAIN ENTRY--PERSONAL NAME
Personal name Schildt/Herbert
245 ## - TITLE STATEMENT
Title C++:Begineers Guide
260 ## - PUBLICATION, DISTRIBUTION, ETC.
Name of publisher, distributor, etc. Tata Mc Graw hill Ltd.
Date of publication, distribution, etc. 2002
366 ## - TRADE AVAILABILITY INFORMATION
Publishers's discount category 20
300 ## - PHYSICAL DESCRIPTION
Extent 632
546 ## - LANGUAGE NOTE
Language note ENGLISH
-- TTL
650 ## - SUBJECT ADDED ENTRY--TOPICAL TERM
Topical term or geographic name entry element C++
654 ## - SUBJECT ADDED ENTRY--FACETED TOPICAL TERMS
Focus term C++
942 ## - ADDED ENTRY ELEMENTS (KOHA)
Koha item type BOOK
Holdings
Withdrawn status Lost status Damaged status Not for loan Collection Home library Current library Date acquired Source of acquisition Cost, normal purchase price Inventory number Total Checkouts Full call number Barcode Date last seen Cost, replacement price Price effective from Koha item type
        CRC Fr. Agnel's C.Rodrigues College of Engineering Fr. Agnel's C.Rodrigues College of Engineering 17/03/2023 Book Base 236.00 9635 dt 28/04/2010   5.133 SCH 20588 17/03/2023 295.00   BOOK